000 00727nam a2200253 a 4500
999 _c1327
_d1327
001 1327
003 BD-JhCC
005 20221015105055.0
008 171018s20092012bg |||| ||a| 000 0 ben d
020 _a9847012000526
035 _a(BD-JhCC)1327
040 _aBD-JhCC
_dBD-JhCC
041 _aben
082 _a923.1
_bFIR 2012
100 _aফিরোজ, আহমেদ
245 _aকবি জসিমউদ্দীন /
_cআহমেদ ফিরোজ,
260 _aঢাকা :
_bকথা প্রকাশ,
_c2012
300 _a79 p.;
_c24 cm.
490 _aজীবনী গ্রন্থমালা
600 _aUddin, Jashim
650 _aBiography
942 _2ddc
_cBK